LEADER 00959nas a2200265 i 4500 001 000000140050 003 CaOOAMICUS 005 20190128143647.0 008 050608b2004 xxuuu u0 0eng r 013 $a114247 040 $aSeMil$bita 245 10$a[2004]. 260 $a[U.S.A.] :$bThe American Catholic Philosophical Association,$ccopyr. 2004. 300 $a700 p. ;$c23 cm. 500 $aArticoli con sintesi in inglese [Abstract] in testa. 774 0 $tWinter.$w()261789 774 0 $tBoethius. - Titolo principale dalla copertina.$w()261790 774 0 $tSummer.$w()261791 774 0 $tFall.$w()261792 850 $aSeMil 852 $aSeMil$W1$xVenegono$y1$m7 3 17$j93434$B93434$CSeMilBibl$Z2$F98848 $85 961 $aCambio: Scuola Cattolica 996 $6245$a[2004]$9(OLS)http://semarc/title/140369 996 $6260$a[U.S.A.] :$bThe American Catholic Philosophical Association$9(OLS)http://semarc/publisher/30384 LEADER 01239nam a2200253 4500 001 000000354892 003 CaOOAMICUS 005 20230807111757.0 008 230807s1903 gw a 000 u fre r 040 $aSeMil$bita 100 11$aBaedeker, Karl,$c.$0(OLS)http://semarc/name/117991 245 10$aManuel de langue russe :$bsupplément au Guide en Russie /$cpar K. Baedeker. 250 $a3. éd., revue et augmentée 264 1$aLeipzig :$bKarl Baedeker ;$aParis :$bPaul Ollendorff,$c1903. 300 $a110 p. ;$c16 cm 490 1 $aGuides Baedeker 772 0 $aBaedeker, Karl $tRussie.$dLeipzig : Karl Baedeker ; Paris : Paul Ollendorff, 1902.$b3. éd., refondue et mise à jour$kGuides Baedeker$w()354891 830 0$aGuides Baedeker.$0(OLS)http://semarc/title/445014 850 $aSeMil 852 $aSeMil$W1$xVenegono$y1$m4Y II 26 FA$j242908$B246181$CSeMilBibl$Z2$F246181 $8I 996 $6245$aManuel de langue russe :$bsupplément au Guide en Russie$9(OLS)http://semarc/title/445063 996 $6264$aLeipzig :$bKarl Baedeker$9(OLS)http://semarc/publisher/61140 996 $6264$aParis :$bPaul Ollendorff$9(OLS)http://semarc/publisher/36911